000 00323nam a2200121Ia 4500
005 20260328104332.0
008 260328s9999||||xx |||||||||||||| ||und||
100 _aPezet, Michel
245 0 _aL“image en Architecture :
_b les machines a dessiner /
_cMichel Pezet
300 _a121 p.
650 _aARQUITECTURA
942 _cBK
999 _c11764
_d11764